Llama 3-1-2 / (Registro nro. 8571)
[ vista simple ]
| 000 -LEADER | |
|---|---|
| fixed length control field | 00708nam a22002657a 4500 |
| 001 - CONTROL NUMBER | |
| control field | 098 |
| 003 - CONTROL NUMBER IDENTIFIER | |
| control field | DO-SdBNP |
| 005 - DATE AND TIME OF LATEST TRANSACTION | |
| control field | 20180126142958.0 |
| 007 - PHYSICAL DESCRIPTION FIXED FIELD--GENERAL INFORMATION | |
| fixed length control field | 098 |
| 008 - FIXED-LENGTH DATA ELEMENTS--GENERAL INFORMATION | |
| fixed length control field | 151005b19uu sp 00| 0 spa d |
| 020 ## - INTERNATIONAL STANDARD BOOK NUMBER | |
| International Standard Book Number | 842331572X |
| 040 ## - CATALOGING SOURCE | |
| Original cataloging agency | BPMSU |
| Language of cataloging | spa |
| Transcribing agency | BPMSU |
| 092 ## - LOCALLY ASSIGNED DEWEY CALL NUMBER (OCLC) | |
| Classification number | XXXX |
| Item number | XXXX |
| 100 1# - MAIN ENTRY--PERSONAL NAME | |
| Personal name | Brown, Fredric |
| 240 10 - UNIFORM TITLE | |
| Uniform title | <a href="Knock three-one-two /">Knock three-one-two /</a> |
| Language of a work | eng |
| 245 13 - TITLE STATEMENT | |
| Title | Llama 3-1-2 / |
| Statement of responsibility, etc. | Fredric Brown ; traducción Julio F. Yañez. |
| 260 ## - PUBLICATION, DISTRIBUTION, ETC. (IMPRINT) | |
| Place of publication, distribution, etc. | Barcelona : |
| Name of publisher, distributor, etc. | Ediciones Destino, |
| Date of publication, distribution, etc. | [19--]. |
| 300 ## - PHYSICAL DESCRIPTION | |
| Extent | 196 p |
| Dimensions | 18 cm. |
| 490 1# - SERIES STATEMENT | |
| Series statement | El observador |
| Volume/sequential designation | 73 |
| 700 12 - ADDED ENTRY--PERSONAL NAME | |
| Personal name | Yañez, Julio F. |
| Relator term | trad. |
| 830 #0 - SERIES ADDED ENTRY--UNIFORM TITLE | |
| Uniform title | El observador |
| Number of part/section of a work | 73 |
| 942 ## - ADDED ENTRY ELEMENTS (KOHA) | |
| Source of classification or shelving scheme | Dewey Decimal Classification |
| Koha item type | Libros |
| 945 ## - LOCAL PROCESSING INFORMATION (OCLC) | |
| a | Inventariado, 2018 /LP |
| 956 ## - LOCAL ELECTRONIC LOCATION AND ACCESS (OCLC) | |
| Host name | Yngrid Lockward |
| Access number | 10 |
| Withdrawn status | Lost status | Source of classification or shelving scheme | Damaged status | Not for loan | Collection code | Home library | Current library | Date acquired | Source of acquisition | Total Checkouts | Barcode | Date last seen | Price effective from | Koha item type |
|---|---|---|---|---|---|---|---|---|---|---|---|---|---|---|
| Dewey Decimal Classification | Colección General | Biblioteca Pública Metropolitana Salomé Ureña | Biblioteca Pública Metropolitana Salomé Ureña | 11/05/2015 | FUNDI | BPMSU15110082 | 11/05/2015 | 11/05/2015 | Libros |